000 00456nam a2200169Ia 4500
003 GCL
008 140319s9999 xx 000 0 ara d
040 _aGCL /
_cGCL
082 0 4 _a882
_bا ا
100 1 _aامين سلامة
245 1 0 _aمسرحيات (يسخولوس) /
_cامين سلامة
300 _a526 ص
490 _a
650 0 4 _aالمسرح اليونانى
650 0 4 _aالادب اليونانى المترجم
942 _2ddc
_cBK
999 _c38906
_d38906